| 000 | 00720nam a22002417a 4500 | ||
|---|---|---|---|
| 999 |
_c4352 _d4352 |
||
| 003 | AR-CdUCM | ||
| 008 | 190308b ||||| |||| 00| 0 spa d | ||
| 020 | _a84-8280-185-6 | ||
| 040 |
_aMUNICIPALIDAD PROVINCIAL DEL CUSCO _cBIBLIOTECA MUNICIPAL DEL CUSCO |
||
| 082 |
_a848.5 / _bP85 |
||
| 100 |
_aPrevost, Abate _913746 |
||
| 245 | _aManon Lescaut | ||
| 260 |
_aColombia : _bOveja Negra, _c1984. |
||
| 300 |
_a188 paginas ; _c18cm. |
||
| 440 |
_aHistoria Universal de la Literatura _n85 _913747 |
||
| 500 | _aNovela Manon Lescaut - Titulo original | ||
| 650 |
_aNovelas _9218 |
||
| 650 |
_aFrancia _91444 |
||
| 650 |
_aSiglo XVII _92242 |
||
| 700 |
_aVidal Sales, J _913748 |
||
| 942 |
_2ddc _cLIBROS |
||
| 945 | _apjha | ||